Statistics for Name That Cocktail Quiz

Click here to take the quiz!

General Stats

  • This quiz has been taken 28,891 times
  • The average score is 8 of 16

Answer Stats

IngredientsCocktail% Correct
Vodka, Tomato Juice, Lemon Juice, SpicesBloody Mary
77%
Gin, Dry VermouthMartini
73%
Vodka, OJScrewdriver
72%
Champagne, OJMimosa
68%
Tequila, Lime Juice, Triple SecMargarita
58%
White Rum, Coconut Cream, Pineapple JuicePiña Colada
58%
Vodka, Coffee Liqueur, Fresh CreamWhite Russian
58%
White Rum, Lime Juice, Mint,
Sugar, Soda Water
Mojito
56%
Tequila, OJ, GrenadineTequila Sunrise
56%
Vodka, Peach Schnapps, OJ,
Cranberry Juice
Sex on the Beach
50%
Vodka, Cointreau,
Lime Juice, Cranberry Juice
Cosmopolitan
45%
Whiskey, Sweet Vermouth, BittersManhattan
41%
Whiskey, Sugar Cube, Bitters, Soda WaterOld Fashioned
36%
Crème de menthe, Crème de cacao,
Fresh Cream
Grasshopper
22%
Vodka, Grapefruit JuiceGreyhound
16%
Gin, Vermouth, CampariNegroni
16%

Score Distribution

Percentile by Number Answered

Percent of People with Each Score

Your Score History

You have not taken this quiz